000 00320nam a2200121 a 4500
008 110426s1982|||| d
245 1 0 _aKultúrny rozvoj Slovenska v šiestej päťročnici (1976-1980)
260 _bObzor
_aBratislava
_c1982
044 _axo
_cSK
041 _aslo
020 _c30
100 1 _aFischer, Ján
999 _c19173
_d19173